书目信息 |
| 题名: |
女人一生的健康计划
|
|
| 作者: | 徐子剑 编著 | |
| 分册: | ||
| 出版信息: | 哈尔滨 哈尔滨出版社 2007.04 |
|
| 页数: | 241页 | |
| 开本: | 23cm | |
| 丛书名: | ||
| 单 册: | ||
| 中图分类: | R173 | |
| 科图分类: | ||
| 主题词: | 女性--nu xing--保健--基本知识 | |
| 电子资源: | ||
| ISBN: | 7-80699-584-6 | |
| 000 | 00875nam0 2200253 450 | |
| 001 | 012008076670 | |
| 005 | 20080419150240.93 | |
| 010 | @a7-80699-584-6@dCNY24.80 | |
| 100 | @a20080419d2007 em y0chiy0120 ea | |
| 101 | 0 | @achi |
| 102 | @aCN@b230000 | |
| 105 | @ay a 000yy | |
| 106 | @ar | |
| 200 | 1 | @a女人一生的健康计划@Anu ren yi sheng de jian kang ji hua@d= The health plans of women's whole life@f徐子剑编著@Fxu zi jian bian zhu@zeng |
| 210 | @a哈尔滨@c哈尔滨出版社@d2007.04 | |
| 215 | @a241页@d23cm | |
| 320 | @a有书目 | |
| 330 | @a本书包括:美丽的回归计划、我形我塑的S计划、我的特区保护计划、坏情绪反攻计划、优质睡眠计划等内容。 | |
| 510 | 1 | @aHealth plans of women's whole life@zeng |
| 606 | 0 | @a女性@Anu xing@x保健@x基本知识 |
| 690 | @aR173@v4 | |
| 701 | 0 | @a徐子剑@Axu zi jian@4编著 |
| 801 | 0 | @aCN@bQSSK@c20080419 |
| 905 | @b294528-30@dR173@eX842@f3 | |
| 女人一生的健康计划= The health plans of women's whole life/徐子剑编著.-哈尔滨:哈尔滨出版社,2007.04 |
| 241页;23cm |
| ISBN 7-80699-584-6:CNY24.80 |
| 本书包括:美丽的回归计划、我形我塑的S计划、我的特区保护计划、坏情绪反攻计划、优质睡眠计划等内容。 |
| ● |
| 相关链接 |
|
|
|
正题名:女人一生的健康计划
索取号:R173/X842
 
预约/预借
| 序号 | 登录号 | 条形码 | 馆藏地/架位号 | 状态 | 备注 |
| 1 | 294528 | 202945288 | 自科库401/401自科库 7排4列4层/ [索取号:R173/X842] | 在馆 | |
| 2 | 294529 | 202945297 | 自科库401/401自科库 7排4列4层/ [索取号:R173/X842] | 在馆 | |
| 3 | 294530 | 202945304 | 自科库401/401自科库 7排4列4层/ [索取号:R173/X842] | 在馆 |